Sử thi Ê Đê. t.IV /
Wedi'i Gadw mewn:
| Awduron Eraill: | , |
|---|---|
| Fformat: | Sách giấy |
| Iaith: | Vietnamese |
| Cyhoeddwyd: |
H. :
Khoa học Xã hội,
2014.
|
| Pynciau: | |
| Tagiau: |
Ychwanegu Tag
Dim Tagiau, Byddwch y cyntaf i dagio'r cofnod hwn!
|
| Thư viện lưu trữ: | Thư viện Trường Đại học Đà Lạt |
|---|
| LEADER | 00787nam a2200313 4500 | ||
|---|---|---|---|
| 001 | DLU140164829 | ||
| 005 | ##20141021 | ||
| 040 | # | # | |a DLU |b vie |
| 041 | # | # | |a vie |
| 044 | # | # | |a vn |
| 082 | # | # | |a 398.22 |b Sut |
| 245 | # | # | |a Sử thi Ê Đê. |n t.IV / |c Đỗ Hồng Kỳ chủ biên; Y'Kô Niê biên soạn. |
| 260 | # | # | |a H. : |b Khoa học Xã hội, |c 2014. |
| 300 | # | # | |a 403 tr. ; |c 21 cm. |
| 650 | # | # | |a Văn học sử thi, Ê Đê. |
| 700 | # | # | |a Đỗ Hồng Kỳ, |e chủ biên. |
| 700 | # | # | |a Y'Kô Niê, |e biên soạn. |
| 923 | # | # | |a 04/2014 |
| 990 | # | # | |a t.IV |
| 991 | # | # | |a SH |
| 992 | # | # | |a 16200 |
| 994 | # | # | |a DLU |
| 900 | # | # | |a True |
| 911 | # | # | |a Đào Thị Thu Huyền |
| 925 | # | # | |a G |
| 926 | # | # | |a A |
| 927 | # | # | |a SH |
| 980 | # | # | |a Thư viện Trường Đại học Đà Lạt |